00339 2200157 4500245002800000020002100028250001000049100001400059650002000073005001900093260001700112041001400129084000800143300002100151336000900172 aSelenacTere LiyehText a978-602-0639-512 acet.1 aTere Liye aFiksi Indonesia a20240925142513 aJakartabGPU aIndonesia a813 a368 hlm :c20 cm atext